Geodézia pre vodohospodársky smer /
Guardado en:
| Autor principal: | |
|---|---|
| Formato: | Libro |
| Lenguaje: | eslovaco |
| Publicado: |
Bratislava :
SVŠT v Bratislave,
1989
|
| Etiquetas: |
Sin Etiquetas, Sea el primero en etiquetar este registro!
|
MARC
| LEADER | 00000nam a22000003a 4500 | ||
|---|---|---|---|
| 001 | stu28750 | ||
| 005 | 20150617225737.7 | ||
| 008 | 950510s1989----xo------------------slo-d | ||
| 020 | |a 80-227-0033-9 | ||
| 040 | |a STU |b slo | ||
| 041 | 0 | |a slo | |
| 044 | |a xo | ||
| 080 | |a 528 | ||
| 080 | |a 556(075.8) | ||
| 100 | 1 | |a Šolc, Juraj |4 aut | |
| 245 | 1 | |a Geodézia pre vodohospodársky smer / |c [aut]Šolc,Juraj | |
| 260 | |a Bratislava : |b SVŠT v Bratislave, |c 1989 | ||
| 300 | |a 220 s | ||
| 996 | |b 284V023339 |c V*37836/O-15835a |l VVT |s A |a 24 |w stu28750_0001 | ||
| 996 | |b 284V002461 |c V*31384/S-89 |l VVS |s A |a 24 |w stu28750_0002 | ||
| 996 | |b 284V002462 |c V*31385/S-89 |l VVS |s A |a 24 |w stu28750_0003 | ||